| 000 | 01192nas a2200397 4500 | ||
|---|---|---|---|
| 001 | BR0703782 | ||
| 003 | BR-BrBNA | ||
| 005 | 20231205110925.0 | ||
| 007 | ta | ||
| 008 | 230509b bl.|||p| |||| 00| 00por d | ||
| 040 |
_aBR-BrBNA _bpor _cBiblioteca Nacional de Agricultura |
||
| 041 | _a(Pt) | ||
| 072 | _aL02; L01; E16 | ||
| 100 | 1 | _aOliveira, R.L. | |
| 100 | 1 | _aAssunção, D.M.P. | |
| 100 | 1 | _aBarbosa, M.A.A. de F. | |
| 100 | 1 | _aLadeira, M.M. | |
| 100 | 1 | _aSilva, M.M.P. da | |
| 100 | 1 | _aOliveira, R.L. de | |
| 245 | 1 | _aDesempenho produtivo e custos com alimentação de novilhos bubalinos alimentados com dietas com diferentes fontes de lipídeos | |
| 650 | _aBÚFALO | ||
| 650 | _aDIETA | ||
| 650 | _aSOJA | ||
| 650 | _aÓLEO | ||
| 650 | _aGRÃO | ||
| 650 | _aLIPÍDEO | ||
| 650 | _aCOMPOSIÇÃO DE ALIMENTO | ||
| 650 | _aGANHO DE PESO | ||
| 650 | _aPRODUÇÃO ANIMAL | ||
| 650 | _aCONSERVAÇÃO ALIMENTAR | ||
| 650 | _aANÁLISE ECONÔMICA | ||
| 650 | _aCUSTO | ||
| 773 | 0 |
_tRevista Brasileira de Zootecnia (Brazil) _xISSN 1516-3598 _g(May-Jun 2007), v. 36(3) p. 727-732 _wBR0703782 |
|
| 909 |
_a202311 _bLúcia _c55 _dLúcia Elande |
||
| 942 |
_2AGRIS _n0 _cANA |
||
| 999 |
_c189785 _d189785 |
||